| 000 | 00451nam a2200169 i 4500 | ||
|---|---|---|---|
| 001 | 95709 | ||
| 003 | ES-MaACL | ||
| 005 | 20230906181747.0 | ||
| 007 | t| | ||
| 008 | 050602s1977 sp ||||1| cat d | ||
| 100 | 1 |
_aLluelles, Victor. _972970 |
|
| 245 | 1 | 0 |
_aDiccionari politic de Catalunya / _cVictor Lluelles. |
| 250 | _a[1ยช ed.]. | ||
| 260 |
_aBarcelona : _bPortic, _c1977. |
||
| 300 |
_a310 p. ; _c20 cm. |
||
| 852 |
_aES-MaACL _jA-7642 _bR.96792 |
||
| 999 |
_c95709 _d95709 |
||